| 000 | 00559cam a22001814a 4500 | ||
|---|---|---|---|
| 020 | _a0471344125 | ||
| 020 | _a9780471344124 | ||
| 040 | _cDLC | ||
| 082 | 0 | 0 | _a720 JOH 2001 A085 Or. |
| 100 | 1 | _aLaGro, James A., | |
| 245 | 1 | 0 |
_aSite analysis : _blinking program and concept in land planning and design / |
| 300 |
_axi, 227 pages : _billustrations ; _c28 cm |
||
| 650 | 0 | _aBuilding sites | |
| 650 | 0 | _aBuilding sites | |
| 650 | 4 | _aChantiers de construction - Aspect de l'environnement | |
| 650 | 4 | _aChantiers de construction - Planification | |
| 942 | _cEK | ||
| 999 |
_c11921 _d11921 |
||